000 00388cam a2200157ua 4500
041 _aeng
_h
082 _a828.09
_bHEN/CH
100 _aHenderson, Philip .
245 _aChristopher Marlowe /
_cPhilip Henderson.
_hTextual Documents
250 _a1 /
_b.
260 _aLondon :
_bLongman Green and Co ,
_c1962.
300 _a47 ; .
504 _a
942 _cBK
999 _c8607
_d8607